Statistiche per Riconosci la Provincia - Quiz n°98

Clicka qui per fare il quiz!

Statistiche generali

  • Questo quiz è stato fatto 2 volte
  • Il punteggio medio è 2 su 9

Statistiche sulle risposte

IndizioRisposta% Corretto
PresidenteFrancesco Menna (Partito Democratico)
100%
Prefisso / Prefissi085, 0871, 0872, 0873
50%
Numero comuni104
0%
Superficie2 599,58 km²
0%
Popolazione371 196 ab.
0%
Numero province confinanti4
0%
Coordinate
del capoluogo
42°21′N 14°10′E
0%
PIL (nominale)8,6 mld €
0%
ProvinciaChieti
0%

Distribuzione punteggi

Percentile per numero di risposta

Percentuale di utenti per punteggio

I tuoi punteggi nel tempo

Non hai fatto questo quiz